000 00338nam a2200145Ia 4500
008 191201s2004 xx 000 0 und d
082 _a629.2
_bBAA
100 _aBANGA, T R
245 0 _aAutomobile Engineering
250 _a2nd
260 _aN.Delhi
_bKhanna Publisher
_c2004
300 _a784
650 _aB.Tech(ME)
942 _2ddc
_cBK
999 _c1826
_d1826